Statistics for André the Giant trivia

Click here to take the quiz!

General Stats

  • This quiz has been taken 112 times
  • The average score is 13 of 24

Answer Stats

HintAnswer% Correct
Who gave André "the body slam heard 'round the world" at Wrestlemania III?Hulk Hogan
93%
In what country was he born?France
91%
Fill in the blank: André was billed at the height of _ feet, _ inches.7' 4"
79%
Who was André's manager for that match?Bobby "the Brain" Heenan
78%
What year did André win the WWF Championship?1988
76%
Who tried to purchase the WWF Championship from André right after he won it?"The Million Dollar Man" Ted DiBiase
74%
What year was André inducted into the WWE Hall of Fame?1993
72%
What future WWE wrestler originally debuted in WCW as André's son?Big Show
72%
In what film did André play a giant named Fezzik?The Princess Bride
72%
In what year did André wrestle his first match in the World Wide Wrestling Federation?1973
69%
Who fought André all over the world in the early 1980's to determine who was the "true giant" of wrestling?Big John Studd
69%
What was André supposedly afraid of, which his opponent at Wrestlemania V tried to exploit for a psychological advantage?Snakes
62%
What condition did André have that caused him to grow so tall?Gigantism
57%
On what wrestling interview segment did André challenge someone for the WWF Championship?Piper's Pit
57%
Who won the first André the Giant Memorial Battle Royal at Wrestlemania 30?Cesaro
55%
This condition is usually caused by abnormalities in what gland?Pituitary
55%
Who was the referee in that match, who was later revealed to be the twin of the planned referee?Earl Hebner
48%
In 1989, André formed a team called the Colossal Connection with what other wrestler?Haku
48%
When he returned to the WWF after a suspension in 1986, André wore a mask and competed under what name?Giant Machine
33%
What was André's last name?Roussimoff
33%
Who did André supposedly lift up and carry out of the restaurant when they tried to pay André's restaurant bill?Arnold Schwarzenegger
22%
On the WWE Network show Legends of Wrestling, Mike Graham claimed that André once drank how many 16-ounce beers in one sitting?156
14%
André made an uncredited film appearance as the evil god Dagoth in what movie?Conan the Destroyer
14%
Who created the "André the Giant has a posse" stencil used in street art by the skater community?Shepard Fairey
3%

Score Distribution

Percentile by Number Answered

Percent of People with Each Score

Your Score History

You have not taken this quiz